000 00442cam a2200133u 4500
082 _a823
_bSMI
100 1 _aSmith, Thorne,
_950580
245 0 4 _aThe Thorne Smith three-bagger:
_bThe glorious pool, Skin and bones, Topper,
260 _aGarden City,
_aNew York,
_bDoubleday, Doran and company, inc.,
_c1943.
300 _a5 p.l., 5-685 p.
_billus.
_c21 cm.
526 _a0
_b0
_c0
_d823_000000000000000_SMI
650 _aMCE
_9379
942 _2ddc
_cBK
999 _c553325
_d553325